000 01007nam a2200241 a 4500
001 000047056
005 20201002053325.0
008 150602s2015 dr a 000 0 spa d
082 _axx
_bxx
100 1 _aJesús de la Rosa, María del
_929833
245 1 0 _aPequeño tesoro :
_bnivel inicial, 4 años de edad /
_cMaría del Jesús de la Rosa ; ilustraciones Henry Cid ; Corrección de texto Danilda Pérez.
260 _aSanto Domingo :
_bActualidad escolar 2000,|,
_c2015.
300 _a208 p. :
_bil. ;
_c22 cm.
490 _aVeraz
500 _aLibros para niños de 4 años de edad.
500 _aEl libro esta compañado de un módulo de grafomotricidad, un módulo de inglés y el libro del maestro.
505 0 _av. 1 :
_tLibro de texto
_gv. 2 :
_tlibro del maestro --
_gv. 3 :
_tLibro de grafomotrocidad
_gv. 4 :
_tLibro en inglés
590 _aInventariado, 2018/VM
700 1 _aPérez, Danilda
_ecorr.
_973778
700 1 _aCid, Henry
_eil.
_9346
830 0 0 _aVeraz
_974848
999 _c46544
_d46544
040 _aDO-SdBNP